LIBRARY & INFORMATION CENTRE, KCAET, TAVANUR

ONLINE PUBLIC ACCESS CATALOGUE (OPAC)

Engineering Mechanics (Record no. 14451)

MARC details
000 -LEADER
fixed length control field 00313nam a22001337a 4500
020 ## - INTERNATIONAL STANDARD BOOK NUMBER
ISBN 9780198096320
082 ## - DEWEY DECIMAL CLASSIFICATION NUMBER
Classification number 620.1
Item number BHA/EN
100 ## - MAIN ENTRY--AUTHOR NAME
Personal name Bhattacharyya,Basudeb
245 ## - TITLE STATEMENT
Title Engineering Mechanics
250 ## - EDITION STATEMENT
Edition statement 2 nd
260 ## - PUBLICATION, DISTRIBUTION, ETC. (IMPRINT)
Place of publication New Delhi
Name of publisher Oxford University Press
Year of publication 2014
300 ## - PHYSICAL DESCRIPTION
Number of Pages 798
942 ## - ADDED ENTRY ELEMENTS (KOHA)
Koha item type Books
Holdings
Withdrawn status Lost status Damaged status Collection code Home library Current library Shelving location Date acquired Source of acquisition Cost, normal purchase price Full call number Accession Number Koha item type
        KAUAET KAUAET General Stacks 02/07/2016 Aman Book Stall, Calicut 525.00 620.1 BHA/EN 25001 Books
        KAUAET KAUAET General Stacks 02/07/2016 Aman Book Stall, Calicut 525.00 620.1 BHA/EN 25002 Books
free website counter